000 00555nam a2200241 a 4500
001 nice12345678
003 IN_TiNIC
005 20260116011805.0
008 050524s1968 laha grp 000 0 urd
020 _a
_c6
082 0 0 _a891.4391
_bKAN2
100 _aKanwal, Feroz
245 _aShehr-E-Saleeb-O-Gul
260 _aLahore
_bMaktaba Shahkar
_c1968
300 _a212p
500 _aincludes index and biblioraphy
505 2 _aApp
650 _aUrdu-Poetry
700 1 _aKanwal, Feroz
902 _bSRS
942 _cBK
999 _c3984
_d3984